Music Quiz

Random Music or Song Quiz

Smashing Pumpkins Albums Quiz Stats

 Plays Quiz not verified by Sporcle

Challenge
Share
Tweet
Embed
Score 0/9 Timer 02:00
0 Plays Today
Year Album Name % Correct
1993Siamese Dream
96.2%
1995Mellon Collie and the Infinite Sadness
92.4%
1991Gish
87.3%
1998Adore
83.5%
2000Machina
79.7%
2007Zeitgeist
78.5%
2000Machina II
62%
1994Pisces Iscariot
60.8%
2009Teargarden by Kaleidyscope
29.1%

You're not logged in!

Compare scores with friends on all Sporcle quizzes.
Join for Free
OR
Log In

You Might Also Like...

Show Comments

Extras

Top Quizzes Today


Score Distribution

Your Account Isn't Verified!

In order to create a playlist on Sporcle, you need to verify the email address you used during registration. Go to your Sporcle Settings to finish the process.

Report this User

Report this user for behavior that violates our Community Guidelines.

Details: